00890nam a2200289Ia 4500008004100000020001800041100001700059245002700076245007600103260001500179260002000194260000900214300002600223300002700249300001000276650002600286650003200312650003100344650004700375650005500422650001500477650002500492650002500517650002500542650002500567700000800592160803s9999 xx 000 0 und d a9780439803151 aBarber, Tiki aBy my brother's side / cTiki and Ronde Barber with Robert Burleigh ; illustrated by Barry Root. aNew York : bScholastic Inc. c2004 a1 volume (unpaged) :  bcolor illustrations ;  c32 cm aAfrican Americans --  aBarber, Ronde, -- 1975- --  aBarber, Tiki, -- 1975- --  aBrothers -- United States -- Biography --  aFootball players -- United States -- Biography --  xBiography. xJuvenile literature. xJuvenile literature. xJuvenile literature. xJuvenile literature. a500